Normal view
MARC view
Entry Topical Term
001 - CONTROL NUMBER
- control field: 2638
003 - CONTROL NUMBER IDENTIFIER
- control field: BD-RjUL
005 - DATE AND TIME OF LATEST TRANSACTION
- control field: 20220421121352.0
008 - FIXED-LENGTH DATA ELEMENTS
- fixed length control field: 220421|| aca||aabn | a|a d
040 ## - CATALOGING SOURCE
- Original cataloging agency: BD-RjUL
- Transcribing agency: BD-RjUL
150 ## - HEADING--TOPICAL TERM
- Topical term or geographic name entry element: COVID-19 (Disease)
- General subdivision: Economic aspects
670 ## - SOURCE DATA FOUND
- Source citation: Work cat.: (BD-RjUL)79744: COVID-19 and Employment Related Adjustments : , 2021